| 000 | 00447nam a2200181Ia 4500 | ||
|---|---|---|---|
| 008 | 230524s9999 xx 000 0 und d | ||
| 020 | _a9788131505823 | ||
| 082 |
_a512.5 _bCHE |
||
| 100 | _aE.Ward Cheney | ||
| 245 | 0 | _aNumerical Methods and Applications | |
| 250 | _aIST | ||
| 260 |
_aNEW DELHI _bCengage _c2008 |
||
| 300 | _aXVI;581 | ||
| 500 | _aQuantity Number: 7 | ||
| 650 | _aMathematics | ||
| 700 | _a David R.Kincaid | ||
| 942 | _cBK | ||
| 999 |
_c46324 _d46324 |
||